00984nam a22002177a 4500082001600000245010400016250000800120260002700128300003100155526003700186526003700223526003700260526003700297650001300334942001200347999001900359952010100378952010100479952010100580952008500681 a624.15bPRO aProceedings of the Fourteenth International Conference on Soil Mechanics and Foundation Engineering a1st aUSAbComite Des c1997 axix, 760. p:billus,c38cm a0b0c0d624_150000000000000_PRO a0b0c0d624_150000000000000_PRO a0b0c0d624_150000000000000_PRO a0b0c0d624_150000000000000_PRO aMCE9379 2ddccBK c550595d550595 00102ddc4070aMCEbMCEd2014-11-17l0o624.15 PROpMCE-43629r2014-11-17w2021-03-14yBKzV-3 00102ddc4070aMCEbMCEd2014-11-17l0o624.15 PROpMCE-43627r2014-11-17w2021-03-14yBKzV-1 00102ddc4070aMCEbMCEd2014-11-17l0o624.15 PROpMCE-43628r2014-11-17w2021-03-14yBKzV-2 00102ddc4070aMCEbMCEd2014-11-17l0o624.15 PROr2014-11-17w2014-11-17yBK